000 00406nmm a2200145Ia 4500
008 251105s9999||||xx |||||||||||||||||und||
041 _aspa
100 _aHaley, Lis
245 0 _aUn millar de flores
264 _a[Madrid, España] :
_bLos libros del Cristal,
_c2015
300 _a253 páginas
650 _aSpanish narrative
856 _uhttps://public.digitaliapublishing.com/a/88115
942 _cCF
999 _c105380
_d105380